000 00217nam a22000977a 4500
003 OSt
008 210116b ||||| |||| 00| 0 eng d
100 _aSree Kannan Janardhanan
_94877
245 _aPrathikriya
942 _cBK
999 _c16581
_d16581